Fundamentals of Social Statistics (Record no. 623)

MARC details
000 -LEADER
fixed length control field 00381nam a22001457a 4500
003 - CONTROL NUMBER IDENTIFIER
control field OSt
005 - DATE AND TIME OF LATEST TRANSACTION
control field 20170822131705.0
008 - FIXED-LENGTH DATA ELEMENTS--GENERAL INFORMATION
fixed length control field 160623b xxu||||| |||| 00| 0 eng d
022 ## - INTERNATIONAL STANDARD SERIAL NUMBER
International Standard Serial Number 020110430X
040 ## - CATALOGING SOURCE
Transcribing agency Test
100 ## - MAIN ENTRY--PERSONAL NAME
9 (RLIN) 777
Personal name Elifson, K.W
245 ## - TITLE STATEMENT
Title Fundamentals of Social Statistics
260 ## - PUBLICATION, DISTRIBUTION, ETC. (IMPRINT)
Place of publication, distribution, etc. Lon
Name of publisher, distributor, etc. Addision Wesley Pub.Com.
Date of publication, distribution, etc. 1982
300 ## - PHYSICAL DESCRIPTION
Extent Fundamentals of Social Statistics
942 ## - ADDED ENTRY ELEMENTS (KOHA)
Source of classification or shelving scheme Dewey Decimal Classification
Koha item type BOOK
Holdings
Withdrawn status Lost status Source of classification or shelving scheme Damaged status Not for loan Home library Current library Shelving location Date acquired Total Checkouts Full call number Barcode Date last seen Price effective from Koha item type
    Dewey Decimal Classification     Good Samaritan School Library Good Samaritan School Library Social Science 06/23/2016   ELI310 B-1 ELI1501 06/23/2016 06/23/2016 BOOK

Powered by Koha